[Event "NATO-ch 22nd"]
[Site "Kaunas"]
[Date "2011.08.09"]
[Round "3"]
[White "Szczesniak, Andrzej"]
[Black "Troina, Giuseppe"]
[Result "1-0"]
[WhiteElo "2050"]
[BlackElo "1200"]
[PlyCount "51"]
[EventDate "2011.08.08"]
[EventType "swiss"]
[EventRounds "7"]
[EventCountry "LTU"]
[SourceTitle "CBM 143 Extra"]
[Source "ChessBase"]
[SourceDate "2011.08.29"]
[SourceVersion "1"]
[SourceVersionDate "2011.08.29"]
[SourceQuality "1"]

1. c4 e5 2. Nc3 Nc6 3. g3 Bc5 4. Bg2 Nf6 5. e3 d6 6. a3 Ng4 7. h3 Nf6 8. Nge2 a5 9. b3 Bf5 10. d3 Qe7 11. Bb2 0-0 12. 0-0 e4 13. dxe4 Nxe4 14. Nd5 Qd7 15. Nef4 f6 16. g4 Bxg4 17. hxg4 Rae8 18. b4 axb4 19. axb4 Nxb4 20. Nxb4 Bxb4 21. Bxe4 Rxe4 22. Qd5+ Kh8 23. Qxe4 Qxg4+ 24. Qg2 Qh4 25. Qxb7 Bc5 26. Ra8 1-0